চাবিকাঠির খোঁজে : (Record no. 2491)

MARC details
000 -LEADER
fixed length control field 01049nam a22002177a 4500
003 - CONTROL NUMBER IDENTIFIER
control field BD-DhJNU
005 - DATE AND TIME OF LATEST TRANSACTION
control field 20260106023721.0
008 - FIXED-LENGTH DATA ELEMENTS--GENERAL INFORMATION
fixed length control field 260105b |||||||| |||| 00| 0 eng d
020 ## - INTERNATIONAL STANDARD BOOK NUMBER
International Standard Book Number 9789849074601
040 ## - CATALOGING SOURCE
Original cataloging agency BD-DhJNU
Language of cataloging BEN
Transcribing agency BD-DhJNU
Modifying agency BD-DhJNU
082 ## - DEWEY DECIMAL CLASSIFICATION NUMBER
Edition number 23
Classification number 891.441
100 ## - MAIN ENTRY--PERSONAL NAME
Personal name খান, আকবর আলি
242 ## - TRANSLATION OF TITLE BY CATALOGING AGENCY
Title In search of the Key :
Remainder of title Jibanananda's 'Banlata Sen' in a new light /
Statement of responsibility, etc. Akbar Ali Khan
245 ## - TITLE STATEMENT
Title চাবিকাঠির খোঁজে :
Remainder of title নতুন আলোকে জীবনানন্দের ‘বনলতা সেন /
Statement of responsibility, etc. আকবর আলি খান
250 ## - EDITION STATEMENT
Edition statement 2nd ed.
260 ## - PUBLICATION, DISTRIBUTION, ETC.
Place of publication, distribution, etc. ঢাকা :
Name of publisher, distributor, etc. প্রথমা প্রকাশনী,
Date of publication, distribution, etc. 2024.
300 ## - PHYSICAL DESCRIPTION
Extent ২৩৬ পৃ. :
Dimensions ২২ সে.মি।
504 ## - BIBLIOGRAPHY, ETC. NOTE
Bibliography, etc. note গ্রন্থপঞ্জিগত নির্দেশিকা ও নিঘন্ট অন্তভূক্ত
650 ## - SUBJECT ADDED ENTRY--TOPICAL TERM
Topical term or geographic name entry element সাহিত্য সমালোচনা বিষয়ক প্রবন্ধ
942 ## - ADDED ENTRY ELEMENTS (KOHA)
Source of classification or shelving scheme Dewey Decimal Classification
Koha item type Books
Suppress in OPAC No
Holdings
Withdrawn status Lost status Source of classification or shelving scheme Damaged status Not for loan Collection Home library Current library Shelving location Date acquired Source of acquisition Total checkouts Full call number Barcode Date last seen Copy number Price effective from Koha item type
    Dewey Decimal Classification     Non-fiction Jagannath University Central Library Jagannath University Central Library General stacks 01/05/2026 Purchased   891.441 KHI JNUCL36312 01/05/2026 1 01/05/2026 Books
    Dewey Decimal Classification     Non-fiction Jagannath University Central Library Jagannath University Central Library General stacks 01/05/2026 Purchased   891.441 KHI JNUCL36313 01/05/2026 2 01/05/2026 Books